[Event "Morbihan-ch 0607"]
[Site "Morbihan"]
[Date "2007.04.21"]
[Round "7"]
[White "Purenne, Benoit"]
[Black "Ababou, Alexandre"]
[Result "1-0"]
[WhiteElo "1710"]
[BlackElo "1780"]
[PlyCount "41"]
[EventDate "2006.10.21"]
[EventType "swiss"]
[EventRounds "7"]
[EventCountry "FRA"]
[SourceTitle "EXT 2009"]
[Source "ChessBase"]
[SourceDate "2008.11.26"]
[SourceVersion "1"]
[SourceVersionDate "2008.11.26"]
[SourceQuality "1"]

1. d4 e6 2. c4 Nf6 3. Nc3 Bb4 4. Bg5 c5 5. Nf3 Qa5 6. Bd2 d5 7. a3 Bxc3 8. Bxc3 Qc7 9. dxc5 Qxc5 10. cxd5 Qxd5 11. Qc2 Nc6 12. Rd1 Qh5 13. e4 Qg6 14. Bd3 Qxg2 15. Ke2 Ng4 16. Rdf1 e5 17. h3 g5 18. Ne1 Nxf2 19. Nxg2 Nxh1 20. Rxh1 g4 21. Bb5 1-0

[Event "Bretagne-ch U14"]
[Site "Ploermel"]
[Date "2007.02.14"]
[Round "2"]
[White "Guena, Clement"]
[Black "Ababou, Alexandre"]
[Result "1-0"]
[WhiteElo "1650"]
[BlackElo "1780"]
[PlyCount "61"]
[EventDate "2007.02.13"]
[EventType "tourn"]
[EventRounds "6"]
[EventCountry "FRA"]
[SourceTitle "EXT 2008"]
[Source "ChessBase"]
[SourceDate "2007.11.25"]
[SourceVersion "1"]
[SourceVersionDate "2007.11.25"]
[SourceQuality "1"]

1. d4 e6 2. Nf3 Nf6 3. Nc3 d5 4. Bf4 c5 5. dxc5 Bxc5 6. a3 Qb6 7. e3 Bd7 8. b4 Bd6 9. Bxd6 Qxd6 10. e4 Qc6 11. Nb5 Nxe4 12. Ne5 Qb6 13. Nd4 f6 14. Nxd7 Nxd7 15. f3 Ng5 16. c4 Qc7 17. Qe2 Qxc4 18. Qxc4 dxc4 19. Bxc4 e5 20. Nf5 Kf8 21. Kf2 b6 22. Rhd1 Rd8 23. Rd2 g6 24. Rad1 Ke8 25. Nd6+ Ke7 26. Nb7 Ne6 27. Nxd8 Rxd8 28. Bxe6 Kxe6 29. Rc1 Ke7 30. Rc7 f5 31. Rxa7 1-0

[Event "Hennebont Grand Prix"]
[Site "Hennebont"]
[Date "2006.08.05"]
[Round "2"]
[White "Ababou, Alexandre"]
[Black "Wietholter, Frederik"]
[Result "0-1"]
[WhiteElo "1410"]
[BlackElo "1830"]
[PlyCount "50"]
[EventDate "2006.08.05"]
[EventType "swiss"]
[EventRounds "7"]
[EventCountry "FRA"]
[SourceTitle "EXT 2007"]
[Source "ChessBase"]
[SourceDate "2006.11.23"]
[SourceVersion "1"]
[SourceVersionDate "2006.11.23"]
[SourceQuality "1"]

1. e4 c6 2. d4 d5 3. e5 Bf5 4. Nc3 e6 5. Be3 Nd7 6. h4 Qb6 7. g4 Bxg4 8. Qc1 Bb4 9. Rb1 Qc7 10. a3 Bxc3+ 11. bxc3 c5 12. Qb2 Rb8 13. Nh3 c4 14. Nf4 Bf5 15. Rg1 g6 16. Ne2 h5 17. Ng3 Ne7 18. Bg5 Nc6 19. Nxf5 exf5 20. f4 0-0 21. Bxc4 dxc4 22. d5 Ncxe5 23. Be7 Nf3+ 24. Kf1 Qxf4 25. Bxf8 Nxg1+ 0-1